| 000 | 00655nam a22002297a 4500 | ||
|---|---|---|---|
| 999 |
_c1341 _d1341 |
||
| 003 | CoMeUDC | ||
| 005 | 20210602105812.0 | ||
| 008 | 210602b ||||| |||| 00| 0 eng d | ||
| 020 | _a9589701175 | ||
| 040 | _cCO-UdeCO | ||
| 082 |
_a515 _bU76 |
||
| 100 |
_91335 _aUribe Cálad, Julio Alberto. |
||
| 245 |
_aIntroducción al cálculo para estudiantes / _cJulio Alberto Uribe Cálad. |
||
| 250 | _aPrimera edición | ||
| 260 |
_aMedellín : _bUros editores, _c2005. |
||
| 300 |
_a512 p. ; _bil., _c23 cm. |
||
| 504 | _aIncluye bibliografía. | ||
| 546 | _aEspañol. | ||
| 650 | 0 |
_919 _aMatemáticas |
|
| 650 | 0 |
_91324 _aCálculo |
|
| 942 |
_2ddc _cBK |
||